01549nam a2200301 u 4500001001000000003000900010005001700019007000300036008004100039040002500080082002500105100001900130245032300149246010000472260003300572300002100605500020900626504007300835650002700908650005500935650002900990651005301019651005101072651004901123700002201172700001901194700003401213000003555DO-SdBNP20250702113508.0ta090710s2002 dr 000 0 spa d aDO-SdBNPbspacBNPHU 4a338.97293bD578a2221 aDilla, Haroldo10aAnálisis estructural y desarrollo de estrategias para un desarrollo económico local y de empleo en areas seleccionadas dentro del marco del Programa ¨Descentralización y Desarrollo Local¨ en la República Dominicana /cHaroldo Dilla, Jacqueline Mora, Marina Ortiz; cuidado de edición Hernán Aristizábal.14aAnálisis y estrategias para un desarrollo económico local y empleo en Reública Dominicana aSanto Domingo :bgtz,c2002. a195 p. ;c22 cm. aAnálisis de los factores de determinación de competitividad sistémica a nivel meso y micro , a nivel regional/local para el territorio de las regiones/provincias La Vega, Salcedo, Duarte y Espaillat aIncluye referencias bibliográficas y notas al pie de las páginas 0aDesarrollo económico 4aDesarrollo de la comunidadzRepública Dominicana 0a Competencia económica 4aRepública DominicanaxCondiciones económicas 4aRepública DominicanaxPolítica económica 4aRepública DominicanaxCondiciones sociales1 aMora, Jacqueline,1 aOrtiz, Marina,1 aAristizábal, Hernán,eed.